00605nam a2200181Ia 4500008004100000020001500041040001800056041000800074100002000082245006500102250001200167260007300179300001800252504004600270650004900316650002100365650003700386130821s1978 xxu gr eng  a0130279625 aCo-BoUCMbspa00aeng1 aKolasa, Bair J.14aThe american legal systemcBlair J. Kolasa, Bernardine Meyer a2a. ed. aEnglewood Cliffs (Nueva Jersey, Estados Unidos)bPrentice Hallc1978 a504 páginas aIncluye indices, glosario y bibliografias04aAdministración de justiciazEstados Unidos04aDerecho procesal04aDerecho procesalzEstados Unidos